Espai lúdic i de salut per a la gent gran : manual d'ús per a professionals manual d'ús per a professionals
Publicado:
Barcelona :
Diputació de Barcelona. Àrea d'Infraestructures, Urbanisme i Habitatge. Servei d'Equipaments i Espai Públic ,
2010
Descripción Física:
14 p. : il. ; 30 cm
MARC
| LEADER | 00000nam a2200000Ia 4500 | ||
|---|---|---|---|
| 001 | 22667 | ||
| 008 | 160829s2010 xx 000 0 cat d | ||
| 080 | |a FU-57-29 | ||
| 245 | |a Espai lúdic i de salut per a la gent gran : |b manual d'ús per a professionals | ||
| 260 | |a Barcelona : |b Diputació de Barcelona. Àrea d'Infraestructures, Urbanisme i Habitatge. Servei d'Equipaments i Espai Públic, |c 2010 | ||
| 300 | |a 14 p. : |b il. ; |c 30 cm | ||
| 650 | |a Zones d'esbarjo |x Manuals, guies, etc. |9 44956 | ||
| 650 | |a Exercici per a persones grans |x Barcelona (Província) |x Manuals, guies, etc. |9 44957 | ||
| 710 | |a Barcelona (Catalunya : Província). |b Servei d'Equipaments i Espai Públic |9 53769 | ||
| 901 | |a Arxiu | ||
| 942 | |n 1 | ||
| 952 | |0 0 |1 0 |4 0 |6 FU5729 |7 1 |9 52275 |a Arxiu |b Arxiu |d 2016-12-01 |l 0 |o FU-57-29 |p 22667 |r 2016-12-01 00:00:00 |w 2016-12-01 |y ARXIU | ||
| 999 | |c 56123 |d 56123 | ||